Polémicas feministas / (Record no. 147585)

MARC details
000 -LEADER
campo de control de longitud fija 00612nam a2200217 i 4500
001 - NÚMERO DE CONTROL
campo de control 147585
003 - IDENTIFICADOR DE NÚMERO DE CONTROL
campo de control ES-MaACL
005 - FECHA Y HORA DE LA ÚLTIMA TRANSACCIÓN
campo de control 20230906202120.0
007 - CAMPO FIJO DE DESCRIPCIÓN FÍSICA--INFORMACIÓN GENERAL
campo de control de longitud fija t|
008 - DATOS DE LONGITUD FIJA--INFORMACIÓN GENERAL
campo de control de longitud fija 071003s1985 sp ||||1| spa d
020 ## - NÚMERO INTERNACIONAL ESTÁNDAR DEL LIBRO
Número Internacional Estándar del Libro 84-85.781-45-7
100 1# - ENTRADA PRINCIPAL--NOMBRE DE PERSONA
Nombre de persona Uria, Paloma.
9 (RLIN) 211169
245 10 - MENCIÓN DEL TÍTULO
Título Polémicas feministas /
Mención de responsabilidad, etc. Paloma Uria, Empar Pineda, Monserrat Olivan.
250 ## - MENCION DE EDICION
Mención de edición [1ª ed.].
260 ## - PUBLICACIÓN, DISTRIBUCIÓN, ETC.
Lugar de publicación, distribución, etc. Madrid :
Nombre del editor, distribuidor, etc. Revolución,
Fecha de publicación, distribución, etc. 1985.
300 ## - DESCRIPCIÓN FÍSICA
Extensión 161 p. ;
Dimensiones 19 cm.
700 1# - ENTRADA AGREGADA--NOMBRE PERSONAL
Nombre de persona Pineda, Empar.
9 (RLIN) 92095
700 1# - ENTRADA AGREGADA--NOMBRE PERSONAL
Nombre de persona Oliván, Montserrat.
9 (RLIN) 86747
852 ## - LOCALIZACIÓN
Ubicación ES-MaACL
Número de control de estantería L-10005
Sublocalización o colección R.111982
Holdings
Estatus retirado Estado de pérdida Estado de daño No para préstamo Biblioteca de origen Biblioteca actual Ubicación en estantería Fecha de adquisición Fuente de adquisición Total de préstamos Signatura topográfica completa Código de barras Visto por última vez Precio de reemplazo Tipo de ítem Koha
        Biblioteca del Ateneo de Madrid Biblioteca del Ateneo de Madrid Depósito 2 17/01/2008     L-10005 1154020 23/02/2023 23/02/2023 Libro impreso